| 000 | 00411pab a2200157 454500 | ||
|---|---|---|---|
| 008 | 180718b2012 xxu||||| |||| 00| 0 eng d | ||
| 100 | _aJain, Neeraj | ||
| 245 | _aKnowledge hoarding: A bottleneck to organizational success | ||
| 260 | _c2012 | ||
| 300 | _ap.750-752. | ||
| 362 | _aApr | ||
| 650 | _aKnowledge management | ||
| 773 | _aIndian Journal of Industrial Relations | ||
| 908 | _aN | ||
| 909 | _a96776 | ||
| 999 |
_c96776 _d96776 |
||